各都道府県の「町」の読み - Statistics

General Stats
  • This quiz has been taken 21 times
  • The average score is 31 of 47
Answer Stats
Question Answer % Correct
北海道 混在
79%
東京都 まち
79%
神奈川県 まち
79%
兵庫県 ちょう
79%
奈良県 ちょう
79%
茨城県 まち
74%
栃木県 まち
74%
埼玉県 まち
74%
千葉県 まち
74%
三重県 ちょう
74%
滋賀県 ちょう
74%
京都府 ちょう
74%
大阪府 ちょう
74%
和歌山県 ちょう
74%
岡山県 ちょう
74%
広島県 ちょう
74%
山口県 ちょう
74%
徳島県 ちょう
74%
香川県 ちょう
74%
愛媛県 ちょう
74%
沖縄県 ちょう
74%
宮城県 混在
68%
群馬県 まち
68%
岐阜県 ちょう
68%
静岡県 混在
68%
鳥取県 ちょう
68%
高知県 ちょう
68%
長崎県 ちょう
68%
宮崎県 ちょう
68%
岩手県 混在
63%
新潟県 まち
63%
長野県 混在
63%
愛知県 ちょう
63%
鹿児島県 ちょう
63%
青森県 混在
58%
福島県 まち
58%
山梨県 混在
58%
福岡県 混在
58%
秋田県 混在
53%
富山県 まち
53%
石川県 混在
53%
福井県 ちょう
53%
山形県 混在
47%
熊本県 混在
47%
佐賀県 混在
42%
島根県 混在
32%
大分県 まち
26%
No matching quizzes found
Score Distribution
Percent of People with Each Score
Percentile by Number Answered
Your Score History
You have not taken this quiz